AEW Men's World Championship History - Statistics

General Stats
  • This quiz has been taken 14 times
    6 since last reset
  • The average score is 32 of 47
Answer Stats
Answer % Correct
Adam Page
100%
Chris Jericho
100%
CM Punk
100%
Darby Allin
100%
Ethan Page
100%
Jon Moxley
100%
Kenny Omega
100%
Maxwell Jacob Friedman
100%
Samoa Joe
100%
Swerve Strickland
100%
Will Ospreay
100%
Brian Cage
80%
Brody King
80%
Bryan Danielson
80%
Christian Cage
80%
Claudio Castagnoli
80%
Cody Rhodes
80%
Daniel Garcia
80%
Eddie Kingston
80%
Jack Perry
80%
Jay White
80%
Kazuchika Okada
80%
Orange Cassidy
80%
Sammy Guevara
80%
Adam Cole
60%
Adam Copeland
60%
Bandido
60%
Brodie Lee
60%
Hook
60%
Kyle Fletcher
60%
Lance Archer
60%
Roderick Strong
60%
Scorpio Sky
60%
Will Hobbs
60%
Zilla Fatu
60%
Hiroshi Tanahashi
40%
Jake Hager
40%
PAC
40%
Penta El Zero Miedo
40%
Rich Swann
40%
Ricky Starks
40%
Wardlow
40%
Alec Price
20%
Dante Martin
20%
Lee Moriarty
20%
Rey Fenix
20%
The Butcher
20%
No matching quizzes found
Score Distribution
Percent of People with Each Score
Percentile by Number Answered
Your Score History
You have not taken this quiz since the last reset